10 Movies of 1963 - Statistics

General Stats
  • This quiz has been taken 14 times
  • The average score is 4 of 10
Answer Stats
Hint Answer % Correct
Thousands of birds flock into a seaside town and terrorize the residents in a series of deadly attacks. The Birds
100%
James Bond willingly falls into an assassination plot involving a naive Russian beauty in order to retrieve a Soviet encryption device that was stolen by the organization Spectre. From Russia with Love
79%
A group of Allied prisoners plot a daring break-out from a Nazi prison camp during WWII. The Great Escape
79%
* Struggling to find inspiration for his next project, acclaimed director Guido Anselmi wrestles with his dreams, memories and desires in his search for creativity. * 8 1/2
29%
Dr. Markway, doing research to prove the existence of ghosts, investigates Hill House, a large, eerie mansion with a lurid history of violent death and insanity. The Haunting
29%
* In the midst of an attempt to take over his company, a powerhouse executive is hit with a huge ransom demand when his servant’s son is kidnapped. * High and Low
21%
Romance and suspense ensue in Paris as a woman is pursued by several men who want a fortune her murdered husband had stolen. Charade
14%
* A French writer's marriage deteriorates while working on Fritz Lang's version of "The Odyssey", as his wife accuses him of using her to court favor with the film's brash American producer. * Contempt
14%
A young aristocrat hires a manservant to tend to his needs but finds the balance of power shifting The Servant
14%
* A Swedish pastor fails a loving woman, a suicidal fisherman and God. * Winter Light
14%
No matching quizzes found
Score Distribution
Percent of People with Each Score
Percentile by Number Answered
Your Score History
You have not taken this quiz